|
|
|
|
| LEADER |
00682nab a2200157 i 4500 |
| 001 |
misc4121 |
| 005 |
20191106143121.0 |
| 008 |
170607s1925 hu o 0|| hun d |
| 040 |
|
|
|a SZTE Miscellanea Repozitórium
|b hun
|
| 041 |
|
|
|a hun
|
| 245 |
0 |
0 |
|a Kegyuri [!Kegyúri] kötelezettség alapján ellenérték nélkül kiszolgáltatott fa értéke nem esik forgalmiadó [!forgalmi adó] alá
|h [elektronikus dokumentum]
|
| 260 |
|
|
|c 1925
|
| 300 |
|
|
|a 92c
|
| 490 |
0 |
|
|a Polgári jog : a hazai és külföldi magánjog és hiteljog szemléje
|v 1
|
| 695 |
|
|
|a Forgalmi adózás adókötelezettség joggyakorlat
|
| 856 |
4 |
0 |
|u http://misc.bibl.u-szeged.hu/4121/1/polgari_jog_1925_092c.pdf
|z Dokumentum-elérés
|